000 00470nam a2200181Ia 4500
005 20250326125054.0
008 250326s9999 xx 000 0 und d
037 _aTextbook
040 _aFMSL
_beng
_cFMSL
041 _aeng
_2eng
084 _aX:9 L5
_qFMSL
100 _aEckles R W
_9738455
245 0 _aSupervisory management
_cEckles R W
260 _aNY
_bNY, John Wiley
_c1975
300 _a229p
942 _cTB
_hX:9 L5
999 _c1276411
_d1276411